[Event "Politiken"]
[Site "Copenhagen DEN"]
[Date "1996.06.24"]
[Round "3"]
[White "Ward, C"]
[Black "Glek, I"]
[Result "1-0"]
[WhiteElo "2505"]
[BlackElo "2635"]

1. d4 d6 2. e4 Nf6 3. f3 d5 4. Nc3 dxe4 5. Bg5 h6 6. Bxf6 exf6 7. Nxe4 f5
8. Nf2 c5 9. dxc5 Qa5+ 10. Qd2 Qxd2+ 11. Kxd2 Bxc5 12. Bb5+ Nc6 13. Nd3 Bb6
14. Ne2 O-O 15. Bxc6 bxc6 16. c4 Re8 17. c5 Bc7 18. Nd4 Ba6 19. Nb4 Rad8
20. Nbxc6 Rd5 21. b4 Bb5 22. Kc2 Bxc6 23. Nxc6 Re6 24. Nxa7 Re2+ 25. Kb3
Rdd2 26. a4 Rxg2 27. a5 Rd3+ 28. Kc4 Rxf3 29. a6 Rb2 30. Nc6 Rf4+ 31. Kb5
Be5 32. Rhb1 1-0

[Event "Politiken"]
[Site "Copenhagen DEN"]
[Date "1996.06.24"]
[Round "3"]
[White "Hartvig, O"]
[Black "Jensen, H"]
[Result "1-0"]
[WhiteElo "2300"]
[BlackElo "2150"]

1. e4 c5 2. Nc3 Nc6 3. g3 Nf6 4. Bg2 d6 5. d3 e6 6. f4 Be7 7. Nf3 O-O 8.
O-O Rb8 9. h3 e5 10. g4 exf4 11. Bxf4 Be6 12. Qe1 Rc8 13. Qg3 Nd4 14. Rf2
Qb6 15. Nd1 Nxf3+ 16. Bxf3 Nd7 17. c3 g5 18. Be3 Ne5 19. Be2 Ng6 20. d4
cxd4 21. Bxd4 Qc6 22. Bf3 Bd8 23. Ne3 Bb6 24. Nf5 Rfd8 25. Raf1 Rc7 26. Bg2
Bxd4 27. cxd4 Bc4 28. e5 Qb6 29. exd6 Rcd7 30. Re1 Nf4 31. Rxf4 gxf4 32.
Qxf4 Rxd6 33. Nxd6 Rxd6 34. Re8+ Kg7 35. Qg5+ Rg6 36. Qe5+ Kh6 37. Qf4+ Kg7
38. Qe5+ Kh6 39. Be4 Re6 40. Qh5+ Kg7 41. Qxh7+ Kf6 42. Qh6+ 1-0

[Event "Politiken"]
[Site "Copenhagen DEN"]
[Date "1996.06.24"]
[Round "3"]
[White "Fries Nielsen, JO"]
[Black "Nilsson, N"]
[Result "1-0"]
[WhiteElo "2420"]
[BlackElo "2225"]

1. e4 c5 2. Nf3 Nc6 3. Bb5 g6 4. O-O Bg7 5. Re1 Nf6 6. e5 Nd5 7. Nc3 Nxc3
8. dxc3 O-O 9. Bg5 a6 10. Bxc6 bxc6 11. Qd2 f6 12. exf6 exf6 13. Be3 c4 14.
Bc5 Rf7 15. Qe2 Bb7 16. Qxc4 d5 17. Qe2 Bf8 18. Bxf8 Qxf8 19. c4 c5 20.
cxd5 Bxd5 21. Nd2 Rb8 22. b3 Qc8 23. Rad1 Kg7 24. Nf1 Ba8 25. Ne3 Qc6 26.
Qg4 h5 27. Qg3 Re8 28. h4 f5 29. Rd6 Qxd6 30. Qxd6 1-0

[Event "Politiken"]
[Site "Copenhagen DEN"]
[Date "1996.06.24"]
[Round "3"]
[White "Furhoff, J"]
[Black "Emms, J"]
[Result "0-1"]
[WhiteElo "2305"]
[BlackElo "2500"]

1. e4 c5 2. Nf3 e6 3. d4 cxd4 4. Nxd4 Nc6 5. Nc3 Qc7 6. Be3 a6 7. Bd3 Nf6
8. O-O Bd6 9. Nxc6 bxc6 10. f4 e5 11. f5 Be7 12. Qf3 Bb7 13. Na4 d5 14. Bb6
Qb8 15. c4 O-O 16. Bf2 Re8 17. Nc3 Bb4 18. Ne2 Qd6 19. Kh1 Rad8 20. Bh4
dxe4 21. Bxe4 Nxe4 22. Qxe4 f6 23. a3 Bd2 24. Rad1 Qe7 25. Qc2 Be3 26. Qb3
Bd4 27. Nxd4 exd4 28. c5+ Qf7 29. Qf3 Qd5 30. Bg3 Re4 31. Bf2 Bc8 32. Rde1
Bxf5 33. b4 d3 34. Be3 Bg6 35. Bd2 Re2 36. Qxd5+ Rxd5 37. Bc3 Rc2 38. Rc1
d2 0-1

[Event "Politiken"]
[Site "Copenhagen DEN"]
[Date "1996.06.24"]
[Round "3"]
[White "Nielsen, PH"]
[Black "Hellsten, J"]
[Result "1/2-1/2"]
[WhiteElo "2495"]
[BlackElo "2475"]

1. c4 c6 2. e4 d5 3. exd5 Nf6 4. d4 cxd5 5. Nc3 e6 6. Nf3 Bb4 7. Bd3 dxc4
8. Bxc4 O-O 9. O-O Nbd7 10. Bg5 Bxc3 11. bxc3 Qc7 12. Bd3 b6 13. Rc1 Bb7
14. Re1 Rac8 15. Bh4 Qd6 16. Bg3 Qa3 17. Qb3 Qe7 18. Bh4 Bxf3 19. gxf3 Rfd8
20. Ba6 Rc7 21. Bg3 Nf8 22. f4 Rd5 23. Bd3 Qd8 24. Re5 Rxd4 25. Bf1 Ng6 26.
Ree1 Rd5 27. c4 Rd4 28. f5 Nh4 29. fxe6 fxe6 30. c5 Rxc5 31. Rxe6 Kh8 32.
Rce1 Qa8 33. Bxh4 Rxh4 34. Bg2 Rg5 35. Qg3 Rxg3 36. hxg3 Qd8 37. gxh4 h5
38. Re7 Qd4 39. Rxa7 Qxh4 40. Ra3 Ng4 41. Rg3 Qd8 42. Bf3 Qd2 43. Re8+ Kh7
44. Re2 Qd4 45. Kg2 Kh6 46. Bxg4 h4 47. Bf3 1/2-1/2

[Event "Politiken"]
[Site "Copenhagen DEN"]
[Date "1996.06.24"]
[Round "3"]
[White "Nedberg, B"]
[Black "Larsen, Pet"]
[Result "0-1"]
[WhiteElo "2100"]
[BlackElo "2085"]

1. d4 Nf6 2. c4 e5 3. dxe5 Ng4 4. Nf3 Bc5 5. e3 Nc6 6. Nc3 Ngxe5 7. Be2 O-O
8. O-O Re8 9. a3 a5 10. Nd4 d6 11. f4 Ng6 12. Bf3 Nce7 13. g3 Rb8 14. Kh1
Nf5 15. Nxf5 Bxf5 16. e4 Bd7 17. Rb1 b5 18. b4 axb4 19. axb4 Bb6 20. cxb5
Nf8 21. Qd3 Ne6 22. Nd5 Ba7 23. b6 Bxb6 24. f5 Nf8 25. f6 Ng6 26. Bg2 Bc6
27. fxg7 Bxd5 28. exd5 Qd7 29. Bb2 Re3 30. Qc4 Rbe8 31. Qf4 Nxf4 32. Rxf4
Re1+ 33. Rf1 Rxb1 34. Rxb1 Qe7 35. Rf1 Qe1 36. h4 Qxg3 37. Bf6 Re1 0-1

[Event "Politiken"]
[Site "Copenhagen DEN"]
[Date "1996.06.24"]
[Round "3"]
[White "Lilja, R"]
[Black "Rasmussen, P"]
[Result "0-1"]
[WhiteElo "2170"]
[BlackElo "2285"]

1. e4 c5 2. Nf3 d6 3. d4 cxd4 4. Nxd4 Nf6 5. Nc3 e6 6. Be2 Be7 7. O-O O-O
8. f4 a6 9. a4 Qc7 10. Kh1 Re8 11. Be3 Nc6 12. Bf3 Bd7 13. Qe1 Rab8 14. Qg3
Bf8 15. e5 dxe5 16. Nxc6 Bxc6 17. fxe5 Nd7 18. Bh5 g6 19. Rae1 b5 20. Qf2
Nxe5 21. axb5 axb5 22. Bd4 0-1

[Event "Politiken"]
[Site "Copenhagen DEN"]
[Date "1996.06.24"]
[Round "3"]
[White "Nilsson, L"]
[Black "Antonsen, M"]
[Result "0-1"]
[WhiteElo "2200"]
[BlackElo "2410"]

1. e4 e6 2. d4 d5 3. e5 c5 4. c3 Qb6 5. a3 a5 6. Nf3 Bd7 7. Bd3 Bb5 8. O-O
Bxd3 9. Qxd3 Nc6 10. a4 Qa6 11. Qb5 cxd4 12. cxd4 Bb4 13. Nc3 Nge7 14. Na2
Nf5 15. Nxb4 axb4 16. Bd2 O-O 17. Qxa6 Rxa6 18. Be3 Rfa8 19. b3 Na5 20.
Rac1 Nxb3 21. Rb1 Na5 22. Rxb4 Nc6 23. Rxb7 Rxa4 24. Rfb1 h6 25. h3 Nfxd4
26. Nxd4 Nxd4 27. Rb8+ Rxb8 28. Rxb8+ Kh7 29. Rc8 Nf5 30. Bc5 Rc4 31. Rc7
Kg6 32. g3 Nd4 33. Bd6 Rxc7 34. Bxc7 Kf5 35. Kg2 Ke4 36. f4 Nf3 37. h4 h5
0-1

[Event "Politiken"]
[Site "Copenhagen DEN"]
[Date "1996.06.24"]
[Round "3"]
[White "Hansen, SuB"]
[Black "Hansen, Cu"]
[Result "0-1"]
[WhiteElo "2495"]
[BlackElo "2615"]

1. e4 c5 2. Nf3 e6 3. d4 cxd4 4. Nxd4 Nc6 5. Nc3 a6 6. Be3 Nf6 7. Be2 Bb4
8. O-O Qc7 9. Na4 Bd6 10. g3 Be7 11. Nxc6 bxc6 12. c4 Nxe4 13. c5 O-O 14.
Bd3 d5 15. cxd6 Nxd6 16. Qc2 Nf5 17. Bxf5 exf5 18. Nb6 Rb8 19. Nd5 Qd8 20.
Nxe7+ Qxe7 21. Bc5 Rxb2 22. Qc3 Qb7 23. Bxf8 Kxf8 24. Rad1 Be6 25. Rd8+ Ke7
26. Rg8 Rb1 27. Rc1 g6 28. Qc2 Bxa2 29. Kg2 Bd5+ 30. Kh3 Qb4 31. Qe2+ Qe4
32. Qxe4+ Bxe4 33. Rc3 Ra1 34. f3 Bd5 35. Ra8 a5 36. Kh4 Ra2 37. Kg5 a4 38.
Ra7+ Kd6 39. h4 Ke5 40. Re7+ Kd6 41. Ra7 Ke5 42. Re7+ Kd4 43. Ree3 Rd2 44.
h5 Bc4 0-1

[Event "Politiken"]
[Site "Copenhagen DEN"]
[Date "1996.06.24"]
[Round "3"]
[White "Madsen, D"]
[Black "Berg, E"]
[Result "1-0"]
[WhiteElo "2325"]
[BlackElo "2180"]

1. d4 e6 2. Nf3 b6 3. e4 d5 4. Nbd2 dxe4 5. Nxe4 Bb7 6. Bb5+ c6 7. Bd3 Nd7
8. Bf4 Ndf6 9. Ne5 Qxd4 10. Qf3 O-O-O 11. O-O-O Qa4 12. Nc3 Qa5 13. Nxc6
Rd7 14. Nxa5 Bxf3 15. Ba6+ Kd8 16. gxf3 bxa5 17. Bb5 Bc5 18. Bxd7 Nxd7 19.
Ne4 Bb6 20. Nd6 Ke7 21. Nxf7 Kxf7 22. Rxd7+ Kf6 23. Be3 Ne7 24. Rg1 Nf5 25.
Bxb6 axb6 26. Rgd1 Rc8 27. Rb7 Rc6 28. Rd8 Ke5 29. c3 h5 30. Kd2 g5 31. Rh8
h4 32. Ke2 Kf4 33. Rd8 Rc5 34. Rxb6 Re5+ 35. Kf1 h3 36. Re8 Rd5 37. Rbxe6
Kxf3 38. Re5 Rd1+ 39. Re1 Rd2 40. R8e2 Rd6 41. Re5 Rf6 42. Rxa5 g4 43. Ree5
Nh4 44. Re3+ Kf4 45. Ra4+ Kg5 46. Rg3 Nf3 47. Raxg4+ Kh5 48. Rxf3 1-0

[Event "Politiken"]
[Site "Copenhagen DEN"]
[Date "1996.06.24"]
[Round "3"]
[White "Harestad, H"]
[Black "Hoiberg, N"]
[Result "0-1"]
[WhiteElo "2145"]
[BlackElo "2290"]

1. d4 d6 2. c4 e5 3. Nf3 e4 4. Ng5 f5 5. g3 Be7 6. Nh3 Nf6 7. Bg2 O-O 8.
Nc3 c6 9. O-O Na6 10. Rb1 Nc7 11. f3 d5 12. cxd5 exf3 13. Bxf3 Ncxd5 14.
Qb3 Kh8 15. Nxd5 Nxd5 16. Bxd5 cxd5 17. Nf4 g5 18. Nd3 f4 19. gxf4 Bf5 20.
Ra1 Be4 21. Ne5 Rf5 22. fxg5 Rxe5 23. dxe5 Bc5+ 24. Rf2 Bxf2+ 25. Kxf2 Qe7
26. Bf4 Rf8 27. Kg3 h6 28. h4 h5 29. Qa3 Qf7 30. Rf1 Qf5 31. Kh2 Rc8 32.
Rf2 Rc1 33. Rf3 Bxf3 34. Qxf3 Rc8 35. Qxh5+ Kg8 36. Kg3 d4 37. Qg4 Qxg4+
38. Kxg4 Rc2 39. g6 Rxe2 40. h5 d3 41. h6 Re4 0-1

[Event "Politiken"]
[Site "Copenhagen DEN"]
[Date "1996.06.24"]
[Round "3"]
[White "Petursson, M"]
[Black "Liss, E"]
[Result "1/2-1/2"]
[WhiteElo "2585"]
[BlackElo "2480"]

1. c4 c5 2. Nf3 Nf6 3. Nc3 Nc6 4. g3 d5 5. cxd5 Nxd5 6. Bg2 Nc7 7. d3 e5 8.
Nd2 Bd7 9. O-O Be7 10. Nc4 f6 11. a4 O-O 12. Bd2 Kh8 13. Nb5 Ne6 14. e3 Be8
15. Bc3 Rb8 16. Nba3 Nb4 17. Qg4 Bd7 18. Qd1 Bc6 19. Bxc6 Nxc6 20. Nc2 Qd7
21. Qe2 b6 22. b3 a6 23. e4 Ncd4 24. Nxd4 cxd4 25. Bd2 Nc5 26. Rab1 b5 27.
axb5 axb5 28. Na5 Rbc8 29. Rfc1 Na6 30. Qe1 Nc5 31. Qe2 Na6 32. Qe1 Qg4 33.
b4 Nb8 34. Kg2 Qe6 35. Qd1 g6 36. Rxc8 Rxc8 37. Rc1 Kg7 38. Rxc8 Qxc8 39.
Qb3 Qd7 40. Qc2 Na6 41. Qc6 1/2-1/2

[Event "Politiken"]
[Site "Copenhagen DEN"]
[Date "1996.06.24"]
[Round "3"]
[White "Schneider, S"]
[Black "Kogan, A"]
[Result "0-1"]
[WhiteElo "2225"]
[BlackElo "2485"]

1. d4 Nf6 2. Bg5 e6 3. e4 h6 4. Bxf6 Qxf6 5. Nc3 Bb4 6. Qd2 c5 7. a3 Ba5 8.
b4 cxd4 9. Nb5 Bb6 10. Nd6+ Ke7 11. Nf3 Nc6 12. Nc4 Bc7 13. b5 Bf4 14. Qd1
Ne5 15. Nxd4 Rd8 16. c3 d5 17. exd5 Rxd5 18. g3 Nxc4 19. Bxc4 Rc5 20. Qd3
e5 21. Ne2 Bf5 22. Qf3 Rd8 23. gxf4 Rxc4 24. Qe3 Re4 25. Qc5+ Ke8 26. h3
exf4 27. Kf1 Re5 28. Qb4 Bd3 0-1

[Event "Politiken"]
[Site "Copenhagen DEN"]
[Date "1996.06.24"]
[Round "3"]
[White "Hutters, T"]
[Black "Lobejko, R"]
[Result "1/2-1/2"]
[WhiteElo "2435"]
[BlackElo "2215"]

1. Nf3 Nf6 2. g3 b6 3. Bg2 Bb7 4. O-O e6 5. c4 Be7 6. b3 O-O 7. Bb2 c5 8.
Nc3 d6 9. d4 cxd4 10. Qxd4 a6 11. Rfd1 Nbd7 12. Ng5 Bxg2 13. Kxg2 Qc7 14.
Nge4 Rfd8 15. f3 Ne8 16. Qe3 Qb7 17. Ba3 Ndf6 18. Qf4 Nh5 19. Qe3 b5 20.
cxb5 axb5 21. Bb4 d5 22. Bxe7 Qxe7 23. Qc5 Qb7 24. Nf2 b4 25. Na4 Rac8 26.
Qe3 Nd6 27. Rdc1 Nf5 28. Qd2 d4 29. Rxc8 Rxc8 30. Rc1 Ne3+ 31. Kg1 Nf6 32.
Nd3 Nfd5 33. Ndc5 Qb5 34. Qd3 Qxd3 35. Nxd3 Rxc1+ 36. Nxc1 Nc3 37. Nc5 Kf8
38. N5d3 Ncd5 39. Kf2 Ke7 40. Ke1 Kd6 41. Kd2 e5 42. Nb2 f5 43. Nc4+ Ke6
44. Nd3 e4 45. Nc5+ Kf6 46. a4 bxa3 47. Nxa3 Nb4 48. Nc4 1/2-1/2

[Event "Politiken"]
[Site "Copenhagen DEN"]
[Date "1996.06.24"]
[Round "3"]
[White "Lynge, M"]
[Black "Jakobsen, O"]
[Result "0-1"]
[WhiteElo "2170"]
[BlackElo "2390"]

1. d4 Nf6 2. c4 c5 3. d5 e5 4. Nc3 d6 5. e4 g6 6. h3 Bg7 7. Nf3 O-O 8. Bd3
Na6 9. Be3 Nc7 10. Qd2 a6 11. a4 b6 12. O-O Rb8 13. Bg5 Qe8 14. Nh2 Nd7 15.
g4 f6 16. Be3 Rf7 17. Kh1 Nf8 18. f4 exf4 19. Bxf4 Qe7 20. Nf3 Nd7 21. Kg2
Ne8 22. Rf2 Ne5 23. Nxe5 fxe5 24. Be3 Rxf2+ 25. Qxf2 Bf6 26. Rf1 Bh4 27.
Qd2 Bd7 28. b3 Ng7 29. Ne2 Rf8 30. Ng1 Rxf1 31. Bxf1 Qd8 32. Be2 Be7 33.
Nf3 h5 34. g5 Qc8 35. Ng1 Ne8 36. Kh2 Ng7 37. Bf1 Qf8 38. Bg2 b5 39. axb5
axb5 40. h4 bxc4 41. bxc4 Qb8 42. Bh3 Ba4 43. Qf2 Qb1 44. Bxc5 dxc5 45. d6
Bxd6 46. Qf6 Qc2+ 47. Bg2 Qd2 48. Qxg6 Bd1 49. Kh1 Bf8 50. Qc6 Bg4 51. Qh6
Be7 52. Nf3 Bxf3 53. Bxf3 Qe1+ 54. Kg2 Qxh4 0-1

[Event "Politiken"]
[Site "Copenhagen DEN"]
[Date "1996.06.24"]
[Round "3"]
[White "Persson, R"]
[Black "Christensen, Ja"]
[Result "1/2-1/2"]
[WhiteElo "2140"]
[BlackElo "2235"]

1. e4 e5 2. Nf3 Nc6 3. d4 exd4 4. Nxd4 Bc5 5. Be3 Qf6 6. c3 Nge7 7. Be2 d5
8. Nd2 O-O 9. Nxc6 Qxc6 10. Bxc5 Qxc5 11. O-O Be6 12. Bd3 dxe4 13. Nxe4 Qd5
14. Qe2 Ng6 15. f4 Bf5 16. Qc2 Kh8 17. g3 Rad8 18. Rfd1 Qc6 19. Nf2 Bxd3
20. Rxd3 Rde8 21. Rad1 Re7 22. Rd8 Rfe8 23. Qd2 Kg8 24. Rxe8+ Qxe8 25. Qd8
Kf8 26. Kg2 c5 27. Qd6 b6 28. Kf3 f6 29. Qd8 Re3+ 30. Kg2 Re2 31. Qd6+ Kf7
32. Qd5+ Qe6 33. Qxe6+ Kxe6 34. Rb1 Kd5 35. Kf3 Rc2 36. h4 Kc4 37. Ng4 Kd3
38. Nf2+ Kc4 39. Ng4 Rd2 40. Nf2 Ne7 41. Re1 Nf5 42. b3+ Kb5 43. h5 Kc6 44.
g4 Nh6 45. Re7 Rd7 46. Re8 Nf7 47. Rg8 Re7 48. Ne4 Nd6 49. Ng3 h6 50. Rb8
Re6 51. Rg8 Re7 52. Ne2 Ne8 53. f5 Nc7 54. Nf4 Kd6 55. Ng6 Rf7 56. Ke4 Kc6
57. Nf4 Re7+ 58. Kf3 Kd6 59. Ng6 Rf7 60. Rd8+ Kc6 61. Ke4 Kb7 62. c4 Kc6
63. Nf4 Re7+ 64. Kf3 Re5 65. Rg8 Re7 66. Ne2 Kd6 67. Nc3 Kc6 68. Ne4 Ne8
69. Kf4 Kd7 70. a3 Kc6 71. Kf3 a6 72. Nc3 Nc7 73. Ne2 Ne8 74. Nf4 Nc7 75.
Ng6 Rd7 76. Ke4 Rd4+ 77. Ke3 Rd7 78. Nf4 Re7+ 79. Kd3 Rd7+ 80. Ke4 Re7+ 81.
Kf3 Kd6 82. Rd8+ Kc6 83. Rd3 Rd7 84. Re3 Kd6 85. Ng6 Rf7 86. Kf4 Kc6 87.
Rd3 Rd7 88. Re3 Rf7 89. Re1 Kd6 90. Re2 Kc6 91. Rd2 Rd7 92. Re2 Rf7 93. Re3
Rd7 94. Nf8 Rf7 95. Ne6 Rd7 96. Re1 1/2-1/2

[Event "Politiken"]
[Site "Copenhagen DEN"]
[Date "1996.06.24"]
[Round "3"]
[White "Rowson, J"]
[Black "Holmsgaard, H"]
[Result "1-0"]
[WhiteElo "2415"]
[BlackElo "2290"]

1. e4 c5 2. Nf3 Nc6 3. d4 cxd4 4. Nxd4 Nf6 5. Nc3 e5 6. Ndb5 d6 7. Nd5 Nxd5
8. exd5 Ne7 9. c4 Ng6 10. Qa4 Bd7 11. Qb4 Bc8 12. h4 a6 13. h5 axb5 14.
hxg6 fxg6 15. Qxb5+ Bd7 16. Qxb7 Be7 17. Be2 O-O 18. O-O e4 19. Qb4 Ra4 20.
Qb3 Bf6 21. Bf4 Be8 22. Qc2 Qe7 23. Bg4 Bd4 24. Be6+ Kh8 25. Be3 Qf6 26.
Bxd4 Qxd4 27. b3 e3 28. fxe3 Qxe3+ 29. Kh1 Qh6+ 30. Bh3 1-0

[Event "Politiken"]
[Site "Copenhagen DEN"]
[Date "1996.06.24"]
[Round "3"]
[White "Guindy, E"]
[Black "Bekker Jensen, D"]
[Result "1-0"]
[WhiteElo "2060"]
[BlackElo "2220"]

1. d4 Nf6 2. c4 g6 3. Nf3 Bg7 4. g3 O-O 5. Bg2 d6 6. O-O c6 7. Nc3 Bf5 8.
Nh4 Be6 9. d5 cxd5 10. cxd5 Bd7 11. h3 Qa5 12. Be3 Na6 13. a3 Rfc8 14. Qd2
Be8 15. Bd4 Nd7 16. Bxg7 Kxg7 17. Nf3 Qb6 18. b4 Rc4 19. Rac1 Rac8 20. Qd3
Qd8 21. Qe3 Nb6 22. Nd2 R4c7 23. Nb3 Nc4 24. Qd4+ Kg8 25. b5 Nb8 26. a4 Nb6
27. Qe3 Rc4 28. Na5 Rb4 29. Nxb7 Qd7 30. Na5 Nc4 31. Nxc4 Rcxc4 32. Rb1
Rxb1 33. Rxb1 Qc7 34. b6 axb6 35. Qxb6 Qxb6 36. Rxb6 Nd7 37. Rc6 Nb6 38.
Rxb6 Rxc3 39. Rb8 Kf8 40. Be4 Ra3 41. Bd3 Rxa4 1-0

[Event "Politiken"]
[Site "Copenhagen DEN"]
[Date "1996.06.24"]
[Round "3"]
[White "Arduman, C"]
[Black "Christensen, Bo"]
[Result "1-0"]
[WhiteElo "2410"]
[BlackElo "2225"]

1. d4 Nf6 2. c4 g6 3. g3 Bg7 4. Bg2 O-O 5. Nc3 d6 6. Nf3 Nbd7 7. O-O e5 8.
e4 Re8 9. d5 Nc5 10. Ne1 a5 11. Nd3 Nfd7 12. Be3 b6 13. Rc1 Nxd3 14. Qxd3
Nc5 15. Qc2 Bd7 16. b3 f5 17. f3 f4 18. gxf4 Qh4 19. Qd2 Re7 20. f5 Rf7 21.
fxg6 hxg6 22. Bg5 Qh5 23. Ne2 Bf6 24. h4 Bxg5 25. Qxg5 Rh7 26. Qxh5 Rxh5
27. Rfd1 Rxh4 28. Nc3 Kg7 29. Rc2 Rah8 30. Kf2 R8h5 31. Ke3 Rh2 32. Rdd2
Rg5 33. Bf1 Rh1 34. Rd1 Kf6 35. Rf2 Rg3 36. Rg2 Rgh3 37. Rf2 Rh5 38. Be2 g5
39. Rxh1 Rxh1 40. Bf1 Ke7 41. Be2 Bh3 42. Kd2 Nd7 43. Bd1 Nf6 44. Re2 Nh5
45. Re1 Rh2+ 46. Re2 Bg2 47. Rf2 Nf4 48. Ke3 Rh1 49. Kd2 Rh3 50. Ne2 Rxf3
51. Rxf3 Bxf3 52. Nxf4 Bxd1 53. Ne6 Bg4 54. Nxc7 Bh3 55. Na8 g4 56. Ke3 Bg2
57. Nxb6 g3 58. a3 Bxe4 59. b4 axb4 60. axb4 g2 61. Kf2 Bf3 62. c5 e4 63.
Nc4 dxc5 64. bxc5 Kd7 65. Ne3 Bh5 66. Nxg2 Bf7 67. d6 Kc6 68. Ke3 Be6 69.
Kd4 Bh3 70. Ne3 Bc8 71. Nc4 Bf5 72. Ne5+ Kb7 73. Ke3 Bh7 74. c6+ 1-0

[Event "Politiken"]
[Site "Copenhagen DEN"]
[Date "1996.06.24"]
[Round "3"]
[White "Brinck Claussen, B"]
[Black "Bekker Jensen, S"]
[Result "0-1"]
[WhiteElo "2380"]
[BlackElo "2215"]

1. e4 c5 2. Nf3 d6 3. d4 cxd4 4. Nxd4 Nf6 5. Nc3 a6 6. Bc4 e6 7. Bb3 b5 8.
O-O Be7 9. Qf3 Qb6 10. Be3 Qb7 11. Qg3 b4 12. Na4 Nbd7 13. f3 O-O 14. Rad1
Kh8 15. Kh1 Ne5 16. Bg5 Bd7 17. Rfe1 Rac8 18. f4 Nc4 19. Bxc4 Rxc4 20. b3
Rc7 21. Qh4 Bxa4 22. bxa4 Rfc8 23. Rd3 Nxe4 24. Bxe7 Rxe7 25. f5 Nf6 26.
fxe6 fxe6 27. Nxe6 Rxc2 28. Rf3 Qd5 29. Nf4 Qg5 0-1

[Event "Politiken"]
[Site "Copenhagen DEN"]
[Date "1996.06.24"]
[Round "3"]
[White "Szylar, E"]
[Black "Stuart, E"]
[Result "0-1"]
[WhiteElo "2115"]
[BlackElo "2050"]

1. e4 c5 2. Nf3 e6 3. d4 cxd4 4. Nxd4 Nf6 5. Nc3 Bb4 6. e5 Ne4 7. Qg4 Qa5
8. Qxe4 Bxc3+ 9. Kd1 Bxd4 10. Qxd4 Nc6 11. Qg4 Qxe5 12. Bd3 d5 13. Re1 Qf6
14. Qg3 Bd7 15. c3 e5 16. Bg5 Qd6 17. Bf4 f6 18. Qxg7 O-O-O 19. Bg3 d4 20.
c4 h5 21. c5 Qe6 22. Bh4 Rdf8 23. f3 Nb4 24. Be4 Rhg8 25. Qh6 Ba4+ 26. b3
Bd7 27. Qd2 a5 28. Rc1 f5 29. Bb1 Nd5 30. Qxa5 Ne3+ 31. Rxe3 dxe3 32. Qa8+
Kc7 33. Qa5+ Kb8 34. Rc2 Bc6 35. b4 Qd7+ 36. Kc1 Rd8 37. Bxd8 Rxd8 38. b5
Bxb5 39. Qc3 Qd4 40. Qxd4 Rxd4 0-1

[Event "Politiken"]
[Site "Copenhagen DEN"]
[Date "1996.06.24"]
[Round "3"]
[White "Lejlic, S"]
[Black "Akesson, R"]
[Result "1/2-1/2"]
[WhiteElo "2420"]
[BlackElo "2505"]

1. d4 Nf6 2. Nc3 d5 3. Bg5 c6 4. Nf3 Bf5 5. e3 Nbd7 6. Bd3 Bxd3 7. Qxd3 e6
8. e4 dxe4 9. Nxe4 Be7 10. Nxf6+ Bxf6 11. h4 Qa5+ 12. Bd2 Qb6 13. O-O-O c5
14. Be3 Rc8 15. c3 cxd4 16. Nxd4 O-O 17. Nb3 Ne5 18. Bxb6 Nxd3+ 19. Rxd3
axb6 20. g3 Rfd8 21. Rhd1 Kf8 22. Rd7 Rb8 23. Kc2 Ke8 24. Rxd8+ Bxd8 25.
Nd4 h5 26. Nb5 Ke7 27. Rd4 Rc8 28. b4 Rc6 29. Na7 Rc7 30. Kd3 Rd7 31. Nc8+
Ke8 32. Nd6+ Ke7 33. Nc4 Bc7 34. f4 f6 35. a4 Rxd4+ 36. Kxd4 g5 37. Ke4 f5+
38. Ke3 gxh4 39. gxh4 Kd7 40. Nd2 Bd8 41. Nf3 Bf6 42. Kd3 Kc6 43. Kc4 Kd6
44. Kd3 1/2-1/2

[Event "Politiken"]
[Site "Copenhagen DEN"]
[Date "1996.06.24"]
[Round "3"]
[White "Wallace, JP"]
[Black "Holst, C"]
[Result "1/2-1/2"]
[WhiteElo "2370"]
[BlackElo "2205"]

1. d4 Nf6 2. c4 g6 3. Nc3 Bg7 4. e4 d6 5. f3 O-O 6. Be3 Nc6 7. Nge2 a6 8.
h4 Rb8 9. h5 Bd7 10. g4 b5 11. Qd2 e5 12. d5 Na5 13. Ng3 Nxc4 14. Bxc4 bxc4
15. O-O-O Qe7 16. Rdg1 Rb7 17. Nf5 Bxf5 18. gxf5 Rfb8 19. Nd1 c3 20. Qxc3
c6 21. dxc6 Rc7 22. fxg6 fxg6 23. hxg6 hxg6 24. Rxg6 Rbc8 25. Qb3+ Qf7 26.
Qxf7+ Kxf7 27. Rhg1 Rxc6+ 28. Nc3 Bh8 29. Kb1 Rxc3 30. bxc3 Rxc3 31. Bg5
Rxf3 32. Bxf6 Bxf6 33. R6g3 Rf4 34. Rg4 Rf2 35. R1g3 a5 36. Rd3 Ke6 37. Rd5
a4 38. Ra5 Rf1+ 39. Kb2 Rf2+ 40. Ka3 Rf4 41. Rxf4 exf4 42. Kxa4 Be5 43. Rd5
f3 44. Rd2 Bg3 45. Kb5 Be1 46. Rd3 f2 47. Rf3 Ke5 48. Kc6 Kxe4 49. Rxf2
1/2-1/2

[Event "Politiken"]
[Site "Copenhagen DEN"]
[Date "1996.06.24"]
[Round "3"]
[White "Bonnez, F"]
[Black "Sobjerg, E"]
[Result "0-1"]
[WhiteElo "2205"]
[BlackElo "2320"]

1. d4 g6 2. c4 Bg7 3. Nc3 c5 4. e3 Nf6 5. d5 O-O 6. Bd3 e6 7. Nge2 exd5 8.
cxd5 d6 9. O-O a6 10. a4 Nbd7 11. f4 Re8 12. Rf3 Qc7 13. Bc2 c4 14. h3 Nc5
15. Ng3 Bd7 16. a5 Re7 17. e4 b5 18. e5 Ne8 19. Nce4 Nxe4 20. Nxe4 Bf5 21.
Be3 dxe5 22. Bb6 Qd7 23. Bc5 Bxe4 24. Bxe4 exf4 25. Bxe7 Qxe7 26. Bc2 Bxb2
27. Rb1 Bg7 28. Qd2 Qc5+ 29. Kh1 Nd6 30. Qxf4 Re8 31. Qd2 Re5 32. Rd1 b4
33. Qf2 Qxf2 34. Rxf2 b3 35. Bb1 Re3 36. Rf3 Re2 37. Kg1 c3 38. Kf1 Rb2 39.
Rc1 Rd2 40. Ke1 Rxd5 41. Rcxc3 Bxc3+ 42. Rxc3 Rxa5 43. Rxb3 Rb5 0-1

[Event "Politiken"]
[Site "Copenhagen DEN"]
[Date "1996.06.24"]
[Round "3"]
[White "Pedersen, St"]
[Black "Kosebay, O"]
[Result "1-0"]
[WhiteElo "2405"]
[BlackElo "2220"]

1. d4 Nf6 2. c4 g6 3. Nc3 d5 4. Nf3 Bg7 5. Qb3 dxc4 6. Qxc4 O-O 7. e4 a6 8.
e5 b5 9. Qb3 Nfd7 10. Be3 c5 11. e6 fxe6 12. dxc5 Nf6 13. Rd1 Qc7 14. h3
Nc6 15. Be2 b4 16. Na4 Na5 17. Qxb4 Nd5 18. Rxd5 Rb8 19. Qb6 Rxb6 20. cxb6
Qc2 21. Bd1 Qc4 22. Rxa5 Rd8 23. Rc5 Rxd1+ 24. Kxd1 Qxa4+ 25. b3 Qd7+ 26.
Kc1 Bb7 27. Rc7 Qd6 28. Rd1 Qa3+ 29. Kd2 Bxf3 30. gxf3 Qxa2+ 31. Ke1 Qxb3
32. Rd8+ Kf7 33. b7 Qb1+ 34. Bc1 Bc3+ 35. Rxc3 Qxb7 36. Rdc8 Qb5 37. R8c5
Qb1 38. Kf1 h6 39. Kg2 g5 40. Ra5 Qb4 41. Rca3 Qb1 42. Be3 Qg6 43. R3a4 Qc2
44. Rxa6 Qc8 45. R6a5 Kg6 46. Re4 1-0

[Event "Politiken"]
[Site "Copenhagen DEN"]
[Date "1996.06.24"]
[Round "3"]
[White "Dahl Pedersen, He"]
[Black "Jorgensen, S"]
[Result "0-1"]
[WhiteElo "2055"]
[BlackElo "2065"]

1. e4 c5 2. Nf3 d6 3. d4 cxd4 4. Nxd4 Nf6 5. Nc3 g6 6. Be3 Bg7 7. Be2 Nc6
8. O-O O-O 9. h3 a6 10. a4 Bd7 11. Qd2 Re8 12. f4 Qc7 13. Nxc6 bxc6 14.
Rad1 Red8 15. Kh1 Qa5 16. Bc4 Rab8 17. Bb3 Ne8 18. Qf2 Be6 19. Bd2 Qb6 20.
Qxb6 Rxb6 21. Bxe6 fxe6 22. b3 Rbb8 23. Rfe1 e5 24. Ne2 Nf6 25. Ba5 Rf8 26.
Nc3 Nh5 27. fxe5 Ng3+ 28. Kg1 Bxe5 29. Rd3 Rf7 30. Nb1 Rbf8 31. Nd2 Nh5 32.
Nc4 Bg3 33. Red1 Rf2 34. Bd2 Re2 35. Be3 Rxc2 36. R3d2 Rxd2 37. Bxd2 d5 38.
exd5 cxd5 39. Bh6 Rf5 40. Nb2 Kf7 41. Rf1 Bh2+ 0-1

[Event "Politiken"]
[Site "Copenhagen DEN"]
[Date "1996.06.24"]
[Round "3"]
[White "Lyrberg, P"]
[Black "Maksimenko, A"]
[Result "1/2-1/2"]
[WhiteElo "2425"]
[BlackElo "2545"]

1. d4 d5 2. g3 c5 3. dxc5 e6 4. c4 Bxc5 5. cxd5 Nf6 6. Bg2 Nxd5 7. Nf3 Nc6
8. O-O O-O 9. Bd2 e5 10. Bg5 Be7 11. Bxe7 Ndxe7 12. Qxd8 Rxd8 13. Nc3 f6
14. Rfd1 Be6 15. Ne1 Rac8 16. Nd3 b6 17. Rac1 Nd4 18. Kf1 Bg4 19. Ke1 Rd7
20. h3 Be6 21. f4 Ndc6 22. fxe5 Nxe5 23. Nxe5 fxe5 24. Rxd7 Bxd7 25. g4 Be6
26. Rd1 1/2-1/2

[Event "Politiken"]
[Site "Copenhagen DEN"]
[Date "1996.06.24"]
[Round "3"]
[White "De Firmian, N"]
[Black "Koch, W"]
[Result "1-0"]
[WhiteElo "2595"]
[BlackElo "2325"]

1. e4 d6 2. d4 Nf6 3. Nc3 g6 4. f4 Bg7 5. Nf3 O-O 6. Bd3 Nc6 7. O-O e5 8.
fxe5 dxe5 9. d5 Nd4 10. Nxe5 Nxe4 11. Bxe4 Bxe5 12. Bf4 Bg7 13. Qd2 Nf5 14.
Rae1 Nd6 15. Bd3 Bd7 16. Bh6 f5 17. Bxg7 Kxg7 18. Qf2 b6 19. Ne2 Qf6 20.
Nd4 Rae8 21. c4 a5 22. b3 Rxe1 23. Rxe1 Re8 24. Rxe8 Nxe8 25. g3 Nd6 26.
Qe3 Kf7 27. Kf2 Qe7 28. Nf3 Qxe3+ 29. Kxe3 Kf6 30. Kd4 Nb7 31. a3 Nc5 32.
Bc2 Na6 33. Ne5 Be8 34. Nd3 g5 35. b4 axb4 36. axb4 h6 37. Bd1 Bd7 38. Bc2
Be8 39. b5 Nb8 40. Nb4 g4 41. Na6 Nd7 42. Nxc7 Bf7 43. d6 h5 44. Nd5+ Bxd5
45. Kxd5 Nb8 46. Bb1 f4 47. gxf4 h4 48. Be4 g3 49. hxg3 hxg3 50. Bf3 Kf5
51. Bg2 Kxf4 52. Ke6 1-0